Huérfanos. (Registro nro. 437129)

Detalles MARC
000 -LÍDER
Campo fijo de descripción fija 00778nam a22002297a 4500
003 - IDENTIFICADOR DEL NÚMERO DE CONTROL
Campo de control BCEG
005 - FECHA Y HORA DE LA ULTIMA TRANSACCIÓN
control field 20260324135028.0
008 - ELEMENTOS DE LONGITUD FIJA -- INFORMACIÓN GENERAL
Campo fijo de descripción fija -- Información general 260324s2024 mx |||||||||||||||f spa d
020 ## - ISBN
Isbn 9786078898640
040 ## - FUENTE DE CATALOGACIÓN
Agencia de catalogación original BCEG
Idioma de catalogación spa
Agencia que realiza la transcripción BCEG
082 04 - NÚMERO DE CLASIFICACIÓN DECIMAL DEWEY
Número de clasificación I863.6
Clave de autor-Numero de item A185h
100 1# - ASIENTO PRINCIPAL--NOMBRE PERSONAL
Nombre del autor personal Acosta, Andrés.
245 10 - TÍTULO PROPIAMENTE DICHO
Título Huérfanos.
260 ## - PUBLICACIÓN, DISTRIBUCIÓN, ETC. (PIE DE IMPRENTA)
Lugar de publicación, distribución, etc. Ciudad de México :
Nombre del editor, distribuidor, etc. Edicionesakal,
Fecha de publicación, distribución, etc. 2024.
490 ## - MENCIÓN DE SERIE
Mención de serie Akal Infantil. Mil Mundos Contados.
500 ## - NOTA GENERAL
Nota General Obra escrita gracias al Sistema de Apoyos a la Creación y Proyectos Culturales, a través del Sistema Nacional de Creadores de Arte.
535 ## - NOTA DE UBICACIÓN DE ORIGINALES
Custodio Disponible en la colección infantil de 10-12 años.
541 ## - NOTA DE FUENTE INMEDIATA DE ADQUISICIÓN
Nota de fuente de adquisición Compra.
650 14 - ASIENTO SECUNDARIO DE MATERIA - TERMINO TEMÁTICO
Término temático o nombre geográfico como elemento de entrada Cuentos infantiles mexicanos.
700 1# - ASIENTO SECUNDARIO - NOMBRE PERSONAL
Nombre personal Villanueva Segovia, Mariana,
Función o responsabilidad del autor il.
942 ## - TIPO DE MATERIAL (KOHA)
Tipo de Item KOHA Libro
Existencias
No para Préstamo Colección Biblioteca de Origen Biblioteca Permanente Fecha de Adquisición Fuente de Adquisicion Total de Préstamos Signatura Topográfica Código de Barras Última vez visto Tipo de Material Ejemplar
Material en Reserva Infantil Biblioteca Central Estatal de Guanajuato, "Wigberto Jiménez Moreno" Biblioteca Central Estatal de Guanajuato, "Wigberto Jiménez Moreno" 24/03/2026 COMPRA-2025   I863.6 A185h BCEG8655231057 24/03/2026 Libro  
  Infantil Biblioteca Central Estatal de Guanajuato, "Wigberto Jiménez Moreno" Biblioteca Central Estatal de Guanajuato, "Wigberto Jiménez Moreno" 24/03/2026 COMPRA-2025   I863.6 A185h BCEG8655231058 24/03/2026 Libro ej. 2
  Infantil Biblioteca Central Estatal de Guanajuato, "Wigberto Jiménez Moreno" Biblioteca Central Estatal de Guanajuato, "Wigberto Jiménez Moreno" 24/03/2026 COMPRA-2025   I863.6 A185h BCEG8655231059 24/03/2026 Libro ej. 3